El pre barroco en Cuba : una escuela criolla de arquitectura morisca / F. Prat Puig una escuela criolla de arquitectura morisca / F. Prat Puig
Descripción Física:
438 p. : il., làm. ; 28 cm
Materias:
Arquitectura -- Cuba -- Història
MARC
| LEADER | 00000nam a2200000Ia 4500 | ||
|---|---|---|---|
| 001 | 16766 | ||
| 008 | 160829s1947 xx 000 0 cat d | ||
| 080 | |a B-2-71 | ||
| 100 | |a Prat Puig, F. |9 24583 | ||
| 245 | |a El pre barroco en Cuba : |b una escuela criolla de arquitectura morisca / F. Prat Puig | ||
| 260 | |a La Habana : |b [Burgay y Cía ; Barcelona : |b Diputació de Barcelona], |c 1947 | ||
| 300 | |a 438 p. : |b il., làm. ; |c 28 cm | ||
| 650 | |a Arquitectura |x Cuba |x Història |9 24584 | ||
| 710 | 1 | |a Barcelona (Catalunya : Província). |b Diputació |9 52408 | |
| 901 | |a Arxiu | ||
| 942 | |n 1 | ||
| 952 | |0 0 |1 0 |4 0 |6 B271 |7 1 |9 43217 |a Arxiu |b Arxiu |d 2016-12-01 |l 0 |o B-2-71 |p 16766 |r 2016-12-01 00:00:00 |w 2016-12-01 |y ARXIU | ||
| 999 | |c 45761 |d 45761 | ||